सुभाषः एक खोज / (Record no. 26898)

MARC details
000 -LEADER
fixed length control field 03453nam a22004097a 4500
005 - DATE AND TIME OF LATEST TRANSACTION
control field 20090528142226.0
008 - FIXED-LENGTH DATA ELEMENTS--GENERAL INFORMATION
fixed length control field 090528t xxu||||| |||| 00| 0 hin d
010 ## - LCCN (DPL NO)
LC control number HIN-86641
020 ## - INTERNATIONAL STANDARD BOOK NUMBER
International Standard Book Number 9788189859985
Terms of availability 595.00
035 ## - SYSTEM CONTROL NUMBER
System control number HN-58987
035 ## - SYSTEM CONTROL NUMBER
System control number B-353550-557
037 ## - SOURCE OF ACQUISITION
Source of stock number/acquisition DBAD / PUB
037 ## - SOURCE OF ACQUISITION
Source of stock number/acquisition किताबघर प्रकाशन
040 ## - CATALOGING SOURCE
Original cataloging agency dpl
Language of cataloging hn
082 ## - DEWEY DECIMAL CLASSIFICATION NUMBER
Classification number 954.0841092
100 ## - MAIN ENTRY--PERSONAL NAME
Personal name भटनागर, राजेन्द्रमोहन
245 ## - TITLE STATEMENT
Title सुभाषः एक खोज /
Statement of responsibility, etc राजेन्द्रमोहन भटनागर
246 ## - VARYING FORM OF TITLE
Title proper/short title Subhash: eka khoja
Remainder of title by Rajendramohan Bhatnagar
260 ## - PUBLICATION, DISTRIBUTION, ETC. (IMPRINT)
Place of publication, distribution, etc नयी दिल्ली
Name of publisher, distributor, etc किताबघर प्रकाशन
Date of publication, distribution, etc 2009
270 ## - ADDRESS
Address 4855-56/24, अंसारी रोड, दरियागंज
City नयी दिल्ली
Postal code 110002
300 ## - PHYSICAL DESCRIPTION
Extent 496पृ.
Dimensions 22सेमी (सजिल्द)
600 ## - SUBJECT ADDED ENTRY--PERSONAL NAME
Personal name बोस , सुभाष चन्द्र, 1897-1945
General subdivision जीवनी
600 ## - SUBJECT ADDED ENTRY--PERSONAL NAME
Personal name Bose, Subhash Chandra, 1897-1945
General subdivision Biography
651 ## - SUBJECT ADDED ENTRY--GEOGRAPHIC NAME
Geographic name भारत
General subdivision इतिहास
-- स्वायत्ता और स्वाधीनता संघर्ष
651 ## - SUBJECT ADDED ENTRY--GEOGRAPHIC NAME
Geographic name India
General subdivision History
-- Autonomy and independece movement
942 ## - ADDED ENTRY ELEMENTS (KOHA)
Source of classification or shelving scheme Dewey Decimal Classification
Item type Hindi Books
Call number suffix भटना
Classification part 954.0841092
Holdings
Withdrawn status Lost status Source of classification or shelving scheme Damaged status Not for loan Home library Current library Date acquired Source of acquisition Cost, normal purchase price Total Checkouts Full call number Barcode Date last seen Copy number Cost, replacement price Koha item type Collection code Total Renewals Public note
    Dewey Decimal Classification     Central Library Central Library 09/10/2009 5099/27.7.09/38/11.7.09/29.7.09 595.00 1 954.0841092 भटना B-353550 26/09/2022 1 595.00 Hindi Books Non-fiction 1  
    Dewey Decimal Classification   Not For Loan D.B.Act.Division D.B.Act.Division 28/05/2009 DBAD / PUB 595.00   954.0841092 भटना HN-58987 28/05/2009 1 595.00 Hindi Books      
    Dewey Decimal Classification     Janak Puri Janak Puri 09/10/2009 5099/27.7.09/38/11.7.09/29.7.09 595.00 11 954.0841092 भटना B-353552 27/06/2018 1 595.00 Hindi Books Non-fiction    
Written off   Dewey Decimal Classification     Karol Bagh Karol Bagh 09/10/2009 5099/27.7.09/38/11.7.09/29.7.09 595.00   954.0841092 भटना B-353556 09/10/2009 1 595.00 Hindi Books Non-fiction   Written off on approval by DLB (By Circulation); dtd 15-06-2023
    Dewey Decimal Classification     Patel Nagar Patel Nagar 09/10/2009 5099/27.7.09/38/11.7.09/29.7.09 595.00   954.0841092 भटना B-353551 09/10/2009 1 595.00 Hindi Books Non-fiction    
    Dewey Decimal Classification     Qila Rai Pithora Qila Rai Pithora 09/10/2009 5099/27.7.09/38/11.7.09/29.7.09 595.00 1 954.0841092 भटना B-353554 11/04/2019 1 595.00 Hindi Books Non-fiction    
  Written-off vide DLB M. No. 383 dt 16.05.19 Dewey Decimal Classification     Sarojini Nagar Sarojini Nagar 09/10/2009 5099/27.7.09/38/11.7.09/29.7.09 595.00   954.0841092 भटना B-353553 24/11/2011 1 595.00 Hindi Books Non-fiction    
    Dewey Decimal Classification     Shahdara Branch Shahdara Branch 09/10/2009 5099/27.7.09/38/11.7.09/29.7.09 595.00 1 954.0841092 भटना B-353557 24/08/2020 1 595.00 Hindi Books Non-fiction    
    Dewey Decimal Classification     Vinoba Puri Vinoba Puri 09/10/2009 5099/27.7.09/38/11.7.09/29.7.09 595.00 8 954.0841092 भटना B-353555 10/02/2020 1 595.00 Hindi Books Non-fiction    

© Delhi Public Library
Hit Counter
free hit counter